True Colors - Cyndi Lauper - All Lyrics - Statistics

General Stats
  • This quiz has been taken 153 times
  • The average score is 213 of 250
Answer Stats
Answer % Correct
a
100%
I
100%
Oh,
100%
true
100%
True
100%
You
100%
you
100%
And
99%
and
99%
be
99%
colors
99%
Don’t
99%
don't
99%
the
99%
your
99%
Your
99%
afraid
96%
see
96%
so
96%
So
96%
love
95%
shining
95%
to
94%
through
92%
are
91%
that's
91%
why
91%
let
90%
like
90%
them
90%
show
86%
Show
86%
me
85%
can
84%
In
84%
beautiful
82%
rainbow
80%
when
80%
it
78%
of
77%
there
75%
with
73%
take
72%
world
71%
sad
70%
It’s
68%
all
67%
eyes
67%
know
67%
I'll
66%
smile
65%
discouraged
63%
full
63%
make
63%
people
63%
Can’t
62%
Can't
62%
saw
62%
feel
61%
this
61%
up
61%
hard
59%
then
59%
last
58%
remember
54%
But
53%
call
53%
realize
53%
courage
52%
laugh
52%
small
51%
If
49%
lose
48%
sight
48%
makes
47%
you've
47%
You’ve
47%
crazy
44%
inside
44%
darkness
43%
taken
43%
unhappy
43%
because
42%
laughing
41%
bear
37%
No matching quizzes found
Score Distribution
Percent of People with Each Score
Percentile by Number Answered
Your Score History
You have not taken this quiz